ভেষজবিজ্ঞান / (Record no. 4429)
[ view plain ]
| 000 -LEADER | |
|---|---|
| fixed length control field | 00699nam a2200241 a 4500 |
| 001 - CONTROL NUMBER | |
| JCCL Control Number | 4429 |
| 003 - CONTROL NUMBER IDENTIFIER | |
| JCCL marc code | BD-JhCC |
| 005 - DATE AND TIME OF LATEST TRANSACTION | |
| control field | 20171127164201.0 |
| 008 - FIXED-LENGTH DATA ELEMENTS--GENERAL INFORMATION | |
| fixed length control field | 171127s1995 bg a|||| |||| 001 0 ben d |
| 020 ## - INTERNATIONAL STANDARD BOOK NUMBER | |
| International Standard Book Number | 9840732471 |
| 035 ## - SYSTEM CONTROL NUMBER | |
| system control number | (BD-JhCC) 4429 |
| 040 ## - CATALOGING SOURCE | |
| Original cataloging agency | BD-JhCC |
| Modifying agency | BD-JhCC |
| 041 ## - LANGUAGE CODE | |
| Language code of Book | ben |
| 082 ## - DEWEY DECIMAL CLASSIFICATION NUMBER | |
| Classification number | 615.321 |
| Author mark and Year | GHA 1995 |
| 100 ## - MAIN ENTRY--PERSONAL NAME | |
| Personal name | গনি, আবদুল |
| 245 ## - TITLE STATEMENT | |
| Title | ভেষজবিজ্ঞান / |
| Statement of responsibility, etc | আবদুল গনি |
| 260 ## - PUBLICATION, DISTRIBUTION, ETC. (IMPRINT) | |
| Place of publication, distribution, etc | ঢাকা : |
| Name of publisher, distributor, etc | বাংলা একাডেমী, |
| Date of publication, distribution, etc | ১৯৯৫. |
| 300 ## - PHYSICAL DESCRIPTION | |
| Pagination | ২৯৭ পৃ. : |
| Other physical details | ill. ; |
| Dimensions | ২২ সেমি. |
| 650 ## - SUBJECT ADDED ENTRY--TOPICAL TERM | |
| Topical term or geographic name as entry element | pharmacognosy |
| 650 ## - SUBJECT ADDED ENTRY--TOPICAL TERM | |
| Topical term or geographic name as entry element | Botany,medical |
| 942 ## - ADDED ENTRY ELEMENTS (KOHA) | |
| Source of classification or shelving scheme | Dewey Decimal Classification |
| Koha item type | Books |
| Source of classification or shelving scheme | Damaged status | Not for loan | Home library | Current library | Shelving location | Date of accession | Cost, normal purchase price | Total Checkouts | Full call number | Barcode | Date last seen | Copy number | Koha item type |
|---|---|---|---|---|---|---|---|---|---|---|---|---|---|
| Dewey Decimal Classification | JCC Rouf Library | JCC Rouf Library | General Stacks | 11/27/2017 | 130.00 | 615.321 GHA 1995 | 6293 | 11/27/2017 | C-1 | Books |